| 000 | 00588nam a22001337a 4500 | ||
|---|---|---|---|
| 040 | _cRUA | ||
| 082 | _aLMA PAK 2015 B529 Or.1 | ||
| 100 | _aPAK KOSAL; ប៉ាក កុសល | ||
| 245 | _aStudy on procedure of real estate transaction in krong dounkeo, takeo province; ការសិក្សាអំពីការផ្ទេរសិទ្ធិលើអចលនទ្រព្យនៅក្នុងក្រុងដូនកែវ ខេត្តតាកែវ | ||
| 260 |
_aPhnom Penh _bRUA _c2015 |
||
| 300 |
_ax; 58p; _bill; _c29cm; |
||
| 856 | _uPAK KOSAL | ||
| 942 | _cLMA | ||
| 999 |
_c10823 _d10823 |
||